00439nam a22001457a 4500003000400000005001700004008004100021020001800062040000900080245011800089260002800207300001100235490002200246700002500268OSt20130402194655.0130402s2012 sp ||||| |||| 00| 0 spa d a9788499922256 cCDMR aQueremos saberb: cómo y por qué la crisis del periodismo nos afecta a todoscCecilia Ballesteros ... [et.al] aBarcelonabDebatec2012 a205 p.0 aDebate Actualidad1 aBallesteros, Cecilia